000 00983nam a2200277 a 4500
001 000027174
003 DO-SdBNP
005 20251112114425.0
007 ta
008 110330s1979 dr ao er 001 e spa d
040 _aDO-SdBNP
_bspa
_cBNPHU
082 4 _bM832r
_222
100 1 _aMorbán Laucer, Fernando
_954241
245 1 0 _aRitos funerarios. Acción del fuego y medio ambiente en las osamentas precolombinas /
_cFernando Morbán Laucer.
260 _aSanto Domingo :
_bAcademia de Ciencias de la República Dominicana,
_c1979
300 _a157 p. :
_bil., fotograf. ;
_c23 cm.
490 _aComisión de Arqueología;
_x1
500 _aIncluye notas al pie de las páginas.
504 _aBibliografía : p. 151-157
590 _aInventariado 2022 / MF
650 0 _aINDIOS
_zAMÉRICA DEL SUR
_xCONDICIONES SOCIALES
_915406
650 4 _aAqueología Indígena
_zAmérica del Sur
_916016
650 4 _aOsamenta Precolombina
_934175
910 _aMFeliz
942 _2ddc
_cLBS1
999 _c26666
_d26666